Dance spirit

Detalles Bibliográficos
Formato: Electrónico Revista
Lenguaje:inglés
Publicado: New York, NY : Lifestyle Ventures, c1997-
Materias:
Acceso en línea:Full text available from Research Library: 08/01/2001 to present

MARC

LEADER 00000nas a2200000 a 4500
001 ssj0012540
003 WaSeSS
005 20200512172242.0
006 m d
007 cr n
008 970523c19979999nyubx p s 0 a0eng c
010 |a sn 97000584  
022 |l 1094-0588  |y 1094-0588 
032 |a 017191  |b USPS 
035 |a (WaSeSS)ssj0012540 
037 |b Lifestyle Ventures, 250 W. 57th St., Ste. 1701, New York, NY 10107  |c $7.95 
040 |a NSD  |b eng  |c NSD  |d NYP  |d IH5  |d CUS  |d OCLCQ  |d CUI  |d OCLCQ  |d OCLCF  |d WaSeSS 
042 |a nsdp  |a pcc 
050 1 4 |a GV1580 
082 1 0 |a 792  |2 13 
210 0 |a Dance spirit 
222 0 |a Dance spirit 
245 0 0 |a Dance spirit  |h [electronic resource]. 
246 1 3 |a Dance spirit magazine 
260 |a New York, NY :  |b Lifestyle Ventures,  |c c1997- 
310 |a 8 no. a year  |b Apr. 1999- 
321 |a Quarterly  |b fall 1997-winter 1997 
321 |a Bimonthly,  |b Mar. 1998-Mar. 1999 
362 0 |a Vol. 1, no. 1 (fall 1997)- 
500 |a Title from cover. 
506 |a License restrictions may limit access. 
515 |a Issue for fall 1997 also called "Premiere issue". 
515 |a Issues for Oct. 1999- lack vol. numbering. 
588 |a Latest issue consulted: Oct. 1999. 
650 0 |a Dance  |v Periodicals. 
650 0 |a Dance  |x Equipment and supplies  |v Periodicals. 
650 7 |a Dance.  |2 fast  |0 (OCoLC)fst00887402 
650 7 |a Dance  |x Equipment and supplies.  |2 fast  |0 (OCoLC)fst00887421 
655 0 |a Electronic journals. 
850 |a NN 
856 4 0 |z Full text available from Research Library: 08/01/2001 to present  |u https://search.proquest.com/publication/26557